000 00288nam a22001337a 4500
082 _a823
_bPAT/S
100 _aPATRICIA, MACACBLAN
245 _aSKYLARK
246 _aSKYLARK
_bSKYLARK
260 _aNEW YORK
_bHARPER COLLINS
_c1997
300 _a86
650 _aENGLISH STORY
942 _cBK
999 _c8961
_d8961